000 004280000a22001810004500
003 MACL
005 20160128165850.0
008 160128b xxu||||| |||| 00| 0 eng d
040 _aMACL
_cMACL
041 _aEnglish
082 _a954/PHU
100 _aPhull, D S
_934155
245 _aIndian History
260 _bBright Careers institus
_aNew Delhi
350 _a95
650 _aHistory
_935103
942 _cBK
_k954/Phu
_2ddc
999 _c32324
_d32324